000 00264nam a2200121Ia 4500
008 190216s9999||||xx |||||||||||||| ||und||
100 _aHaimann T
245 0 _aProfessional Management
260 _bNull
_c1977
300 _a556p
650 _aCommerce
942 _cBK
999 _c4279
_d4279